[Event "BL 1516 Bayern München - Schachfr. Ber"]
[Site "?"]
[Date "2016.02.07"]
[Round "6.7"]
[White "Baldauf, Marco"]
[Black "Loeffler, Stefan"]
[Result "1-0"]
[WhiteElo "2410"]
[BlackElo "2381"]
[PlyCount "69"]
[EventDate "2016.??.??"]

1. d4 e6 2. c4 Bb4+ 3. Bd2 Bxd2+ 4. Qxd2 d6 5. Nf3 f5 6. Nc3 Nf6 7. g3 O-O 8.
Bg2 Qe8 9. O-O e5 10. dxe5 dxe5 11. Nd5 Ne4 12. Qc2 Rf7 13. Rad1 c6 14. Ne3 Qe7
15. Nh4 g6 16. Bxe4 fxe4 17. Qxe4 Bh3 18. Ng4 Bxf1 19. Nh6+ Kg7 20. Nxf7 Bh3
21. Nxe5 Nd7 22. f4 Nxe5 23. Qxe5+ Qxe5 24. fxe5 Re8 25. Nf3 h6 26. Kf2 g5 27.
Ke3 a5 28. Rd6 a4 29. Ke4 c5 30. Kd5 Bf1 31. Rd7+ Kg6 32. e6 Bh3 33. Ne5+ Kh5
34. Rd6 Re7 35. e4 1-0

[Event "BL 1516 Bayern München - Schachfr. Ber"]
[Site "?"]
[Date "2016.02.07"]
[Round "6.8"]
[White "Schneider, Stefan"]
[Black "Thiede, Lars"]
[Result "1/2-1/2"]
[WhiteElo "2378"]
[BlackElo "2423"]
[PlyCount "56"]
[EventDate "2016.??.??"]

1. d4 Nf6 2. c4 g6 3. Nc3 Bg7 4. e4 d6 5. Be2 O-O 6. Bg5 c5 7. d5 h6 8. Bf4 a6
9. Qd2 Kh7 10. Nf3 b5 11. cxb5 axb5 12. Bxb5 Qa5 13. Bd3 Ba6 14. O-O Nbd7 15.
Bxa6 Rxa6 16. h3 Rb8 17. e5 Nh5 18. Bh2 Nxe5 19. Nxe5 Bxe5 20. Bxe5 dxe5 21.
Rae1 Qc7 22. Qe2 Rab6 23. Qxe5 Qxe5 24. Rxe5 Rxb2 25. Rxe7 Kg7 26. Rd1 Nf6 27.
a4 R2b4 28. Rc7 Rd4 1/2-1/2

[Event "BL 1516 SV Hockenheim - Turm Emsdetten"]
[Site "?"]
[Date "2016.02.07"]
[Round "6.1"]
[White "Swiercz, Dariusz"]
[Black "Saric, Ivan"]
[Result "1/2-1/2"]
[WhiteElo "2664"]
[BlackElo "2646"]
[PlyCount "112"]
[EventDate "2016.??.??"]

1. e4 c5 2. Nf3 e6 3. d4 cxd4 4. Nxd4 Nc6 5. Nc3 Qc7 6. Be3 a6 7. Qf3 d6 8. Qg3
Nf6 9. Be2 Bd7 10. O-O Nxd4 11. Bxd4 Bc6 12. e5 Nd7 13. f4 O-O-O 14. Rad1 dxe5
15. fxe5 f6 16. exf6 Qxg3 17. hxg3 Nxf6 18. Bxf6 gxf6 19. Rxf6 Bc5+ 20. Kh2
Rdg8 21. Rh6 Rg6 22. Rh5 Bf2 23. g4 Rf6 24. Rd3 Be8 25. Re5 Bb6 26. Ne4 Bc7 27.
Nd6+ Kb8 28. c4 Bg6 29. Rd1 Rd8 30. c5 a5 31. a3 a4 32. Rd4 b6 33. Rb4 Rxd6 34.
cxd6 Bxd6 35. Rxb6+ Kc7 36. Rxd6 Kxd6 37. Ra5 Rf2 38. Bf3 Rxb2 39. Rxa4 e5 40.
Kg3 Rb3 41. Kh4 Re3 42. Kg3 Rc3 43. Ra6+ Kc5 44. Ra5+ Kd6 45. Ra6+ Kc5 46. Rc6+
Kd4 47. Rxc3 Kxc3 48. a4 e4 49. a5 exf3 50. gxf3 Bd3 51. Kf4 Kd4 52. Kg5 Ke5
53. f4+ Ke6 54. Kh6 Kf6 55. f5 Be2 56. Kxh7 Bxg4 1/2-1/2

[Event "BL 1516 SV Hockenheim - Turm Emsdetten"]
[Site "?"]
[Date "2016.02.07"]
[Round "6.2"]
[White "Balogh, Csaba"]
[Black "Van Foreest, Jorden"]
[Result "1-0"]
[WhiteElo "2643"]
[BlackElo "2558"]
[PlyCount "135"]
[EventDate "2016.??.??"]

1. e4 c5 2. Nf3 d6 3. Nc3 Nf6 4. d4 cxd4 5. Qxd4 Nc6 6. Bb5 Bd7 7. Bxc6 Bxc6 8.
Bg5 e6 9. O-O-O Be7 10. Qd3 O-O 11. Nd4 Rc8 12. h4 a6 13. Kb1 Qc7 14. f3 Rfd8
15. Nce2 h6 16. g4 Bb5 17. Nxb5 axb5 18. Be3 d5 19. e5 Nd7 20. f4 Ra8 21. g5 h5
22. g6 f6 23. Nd4 Ra6 24. exf6 Bxf6 25. Nxb5 Qa5 26. a3 Rc8 27. Qe2 Bxb2 28.
Kxb2 Rc4 29. Rd3 Qxb5+ 30. Rb3 Qc6 31. Rd1 Raa4 32. f5 exf5 33. Qxh5 Rxc2+ 34.
Kb1 Nf6 35. Qxf5 Re4 36. Bd4 Qc4 37. Rb2 Qe2 38. Rg1 Rxb2+ 39. Bxb2 Qb5 40. Rc1
Re8 41. h5 Qb3 42. h6 d4 43. h7+ Kh8 44. Rc8 Qd1+ 45. Ka2 Qe2 46. Rxe8+ Qxe8
47. Bxd4 Nd7 48. Qd5 Nf6 49. Qf5 Nd7 50. Qd5 Nf6 51. Bxf6 gxf6 52. Qf7 Qe2+ 53.
Kb3 Qb5+ 54. Kc3 Qc5+ 55. Kd3 Qxa3+ 56. Ke4 Qa4+ 57. Kf5 Qc2+ 58. Ke6 Qb3+ 59.
Ke7 Qa3+ 60. Ke8 Qa8+ 61. Kd7 Qa4+ 62. Kc8 Qc6+ 63. Kb8 Qd6+ 64. Qc7 Qe5 65.
Qxe5 fxe5 66. Kc7 e4 67. Kd7 e3 68. Kc7 1-0

[Event "BL 1516 SV Hockenheim - Turm Emsdetten"]
[Site "?"]
[Date "2016.02.07"]
[Round "6.3"]
[White "Burg, Twan"]
[Black "Moiseenko, Alexander"]
[Result "1/2-1/2"]
[WhiteElo "2497"]
[BlackElo "2673"]
[PlyCount "165"]
[EventDate "2016.??.??"]

1. e4 c5 2. Nf3 Nc6 3. Bb5 e6 4. O-O Nge7 5. Re1 Ng6 6. c3 a6 7. Bf1 Be7 8. d4
cxd4 9. cxd4 d5 10. e5 O-O 11. Nc3 f6 12. exf6 Bxf6 13. Be3 Bd7 14. Qd2 Be7 15.
Bd3 Rxf3 16. gxf3 Nh4 17. Qe2 Bf6 18. Rad1 Nxd4 19. Bxd4 Bxd4 20. f4 Qf6 21.
Qg4 Rf8 22. Ne2 Bxb2 23. Rb1 Ng6 24. Bxg6 hxg6 25. Qg3 Ba4 26. Qe3 d4 27. Qe5
Ba3 28. Nxd4 Qxf4 29. Qxf4 Rxf4 30. Re3 Rxd4 31. Rxa3 Bc6 32. Rc1 Rg4+ 33. Kf1
Bd5 34. Rc8+ Kf7 35. Rac3 Rh4 36. h3 Bc6 37. Ra8 g5 38. Rxc6 bxc6 39. Rxa6 Rxh3
40. Rxc6 Ra3 41. Kg2 Rxa2 42. Rb6 Kf6 43. Rb4 Ra7 44. Kg3 Kf5 45. Kg2 e5 46.
Rb8 Ra6 47. Rb7 g6 48. Rf7+ Rf6 49. Ra7 g4 50. Kg3 Kg5 51. Re7 Rf3+ 52. Kg2 Kf5
53. Rf7+ Ke4 54. Ra7 Rd3 55. Rg7 Kf5 56. Rf7+ Ke6 57. Rg7 Kf6 58. Rg8 Kg5 59.
Re8 Kf5 60. Rf8+ Ke4 61. Rg8 Rd6 62. Kg3 Rf6 63. Ra8 Rf3+ 64. Kg2 Rb3 65. Rg8
Kf5 66. Rf8+ Kg5 67. Re8 Rb5 68. Kg3 Ra5 69. Kg2 Rd5 70. Kg3 Rc5 71. Kg2 Ra5
72. Re7 Kf6 73. Re8 Ra3 74. Rf8+ Ke7 75. Rg8 Kf7 76. Rb8 Rf3 77. Rb4 Rf4 78.
Rb6 e4 79. Ra6 Kg7 80. Re6 Kf7 81. Ra6 Rf3 82. Ra4 Rf4 83. Ra6 1/2-1/2

[Event "BL 1516 SV Hockenheim - Turm Emsdetten"]
[Site "?"]
[Date "2016.02.07"]
[Round "6.4"]
[White "Buhmann, Rainer"]
[Black "Janssen, Ruud"]
[Result "1-0"]
[WhiteElo "2633"]
[BlackElo "2484"]
[PlyCount "111"]
[EventDate "2016.??.??"]

1. d4 Nf6 2. c4 e6 3. Nf3 b6 4. a3 Ba6 5. Qc2 c5 6. d5 exd5 7. cxd5 g6 8. Bf4
d6 9. Nc3 Bg7 10. h4 O-O 11. h5 Re8 12. hxg6 hxg6 13. e3 Qd7 14. Rd1 Bxf1 15.
Kxf1 Na6 16. Ng5 Nc7 17. f3 Re7 18. g4 Nb5 19. Ne2 Rae8 20. e4 Nd4 21. Nxd4
cxd4 22. Rh2 Rc8 23. Qf2 Qa4 24. Rxd4 Qb5+ 25. Kg2 Nd7 26. Rd2 Ne5 27. Bxe5
Rxe5 28. f4 Rxg5 29. fxg5 Be5 30. Rh3 Qa4 31. b4 Rc4 32. Re2 Qd1 33. Rh1 Qb3
34. Rh3 Qb1 35. Rh1 Qb3 36. Rf1 Rc7 37. Qf3 Qa4 38. Rff2 Bd4 39. Rf1 Qe8 40.
Rd1 Be5 41. Rdd2 Qc8 42. Rf2 Kh8 43. Rd1 Qd8 44. Rh1+ Kg8 45. Qh3 Qd7 46. Qh7+
Kf8 47. Rh4 Bd4 48. Qxg6 Rc2 49. Qh6+ Bg7 50. Rxc2 Bxh6 51. gxh6 Kg8 52. h7+
Kh8 53. Kf3 a5 54. b5 Qd8 55. g5 a4 56. Rc6 1-0

[Event "BL 1516 SV Hockenheim - Turm Emsdetten"]
[Site "?"]
[Date "2016.02.07"]
[Round "6.5"]
[White "Fiebig, Thomas"]
[Black "Baramidze, David"]
[Result "1/2-1/2"]
[WhiteElo "2423"]
[BlackElo "2596"]
[PlyCount "92"]
[EventDate "2016.??.??"]

1. e4 e5 2. Nf3 Nc6 3. Nc3 Nf6 4. d4 exd4 5. Nxd4 Bb4 6. Nxc6 bxc6 7. Bd3 d5 8.
exd5 O-O 9. O-O cxd5 10. h3 Rb8 11. Qf3 c6 12. Bf4 Bd6 13. b3 Be6 14. Ne2 c5
15. c3 Rb6 16. Rfe1 a5 17. Bc2 h6 18. Rad1 Re8 19. Ng3 Bxf4 20. Qxf4 Qd6 21.
Qxd6 Rxd6 22. Ne4 Nxe4 23. Rxe4 Ra8 24. c4 d4 25. Re5 Rc8 26. Bf5 Bxf5 27. Rxf5
f6 28. Re1 Kf7 29. Rf4 Re6 30. Kf1 a4 31. Rf5 Rb6 32. Rb1 axb3 33. axb3 Ke6 34.
Rd5 Rd6 35. Rxd6+ Kxd6 36. Ke2 Ra8 37. Rb2 Ra1 38. b4 g5 39. b5 Ra8 40. Kd3 f5
41. g4 fxg4 42. hxg4 Kc7 43. Re2 Kd6 44. Ke4 Re8+ 45. Kd3 Ra8 46. Ke4 Re8+
1/2-1/2

[Event "BL 1516 SV Hockenheim - Turm Emsdetten"]
[Site "?"]
[Date "2016.02.07"]
[Round "6.6"]
[White "Banusz, Tamas"]
[Black "Zumsande, Martin"]
[Result "1-0"]
[WhiteElo "2616"]
[BlackElo "2465"]
[PlyCount "119"]
[EventDate "2016.??.??"]

1. Nf3 d5 2. g3 Nf6 3. Bg2 e6 4. O-O b5 5. d3 Be7 6. c4 c6 7. Nbd2 O-O 8. cxd5
cxd5 9. Nb3 Nc6 10. Be3 Bd7 11. Rc1 Qb8 12. Bc5 Rc8 13. e4 Be8 14. Qe2 a5 15.
Bxe7 Nxe7 16. Rxc8 Qxc8 17. Rc1 Qd8 18. Qe3 a4 19. Nc5 dxe4 20. dxe4 Qb6 21.
Ne5 Rd8 22. h3 h6 23. b4 axb3 24. axb3 b4 25. Ned3 Nc6 26. Nb2 e5 27. Bf1 Nd4
28. Nbd3 Bb5 29. Nxe5 Bxf1 30. Kxf1 Qb5+ 31. Kg2 Ne2 32. Rc4 Nc3 33. Ned3 Re8
34. Nxb4 Ncd5 35. Nxd5 Nxd5 36. Qd4 Nf6 37. Qd6 Qa5 38. Qf4 Qe1 39. Rc1 Qe2 40.
Qf3 Qb2 41. Qc3 Qxc3 42. Rxc3 Nxe4 43. Re3 f5 44. Nxe4 fxe4 45. b4 Kf7 46. g4
h5 47. Kg3 hxg4 48. hxg4 Rd8 49. Rxe4 Rd2 50. Kf3 Rb2 51. Ke3 Rb3+ 52. Kf4 Kf6
53. Rc4 Ke6 54. Kg5 Kd5 55. Rf4 Ke5 56. Rf5+ Ke6 57. b5 Rd3 58. Kg6 Rd7 59. b6
Rb7 60. Rb5 1-0

[Event "BL 1516 SV Hockenheim - Turm Emsdetten"]
[Site "?"]
[Date "2016.02.07"]
[Round "6.7"]
[White "Richter, Christian"]
[Black "Braun, Arik"]
[Result "1/2-1/2"]
[WhiteElo "2362"]
[BlackElo "2567"]
[PlyCount "68"]
[EventDate "2016.??.??"]

1. c4 Nf6 2. Nf3 e6 3. Nc3 d5 4. d4 c6 5. e3 Nbd7 6. Qc2 Bd6 7. b3 O-O 8. Be2
b6 9. O-O Bb7 10. Rd1 Qe7 11. Bb2 Rad8 12. Bd3 h6 13. Rac1 Kh8 14. Ne2 dxc4 15.
Bxc4 c5 16. Ng3 Bxf3 17. gxf3 cxd4 18. Bxd4 Ba3 19. Rb1 Rc8 20. Qe2 Rfd8 21. f4
Nf8 22. Nh5 Nxh5 23. Qxh5 f6 24. Ba1 Rc5 25. Qe2 Rxd1+ 26. Rxd1 Qe8 27. Bd3 Bb4
28. Bb2 Ng6 29. a3 Bc3 30. Qc2 Bxb2 31. Bxg6 Rxc2 32. Bxe8 Rc1 33. Rxc1 Bxc1
34. a4 Kg8 1/2-1/2

[Event "BL 1516 SV Hockenheim - Turm Emsdetten"]
[Site "?"]
[Date "2016.02.07"]
[Round "6.8"]
[White "Rau, Hannes"]
[Black "van Foreest, Lucas"]
[Result "1/2-1/2"]
[WhiteElo "2478"]
[BlackElo "2350"]
[PlyCount "73"]
[EventDate "2016.??.??"]

1. c4 b6 2. d4 Bb7 3. Nc3 Nf6 4. d5 e6 5. g3 exd5 6. cxd5 Bb4 7. Bg2 c6 8. dxc6
Bxc6 9. Nf3 Nd5 10. Bd2 Nxc3 11. Bxc3 Bxc3+ 12. bxc3 O-O 13. O-O Na6 14. Ne5
Bxg2 15. Kxg2 Qc7 16. Qd5 Rae8 17. Nf3 Qxc3 18. Qxd7 Qc7 19. Qxc7 Nxc7 20. Nd4
Re5 21. e3 Ne6 22. Nc6 Rc5 23. Rfc1 Ra8 24. a4 Kf8 25. Rxc5 Nxc5 26. a5 Nb3 27.
Ra3 Nxa5 28. Nxa5 bxa5 29. Rxa5 Ke7 30. Kf3 Kd6 31. Ke4 Kc6 32. Kd4 Rd8+ 33.
Kc4 Rd2 34. Rf5 f6 35. h4 Rc2+ 36. Kb4 Rb2+ 37. Kc4 1/2-1/2

[Event "BL 1516 SV Griesheim - Werder Bremen"]
[Site "?"]
[Date "2016.02.07"]
[Round "6.1"]
[White "Fressinet, Laurent"]
[Black "Izsak, Gyula"]
[Result "1/2-1/2"]
[WhiteElo "2700"]
[BlackElo "2435"]
[PlyCount "65"]
[EventDate "2016.??.??"]

1. d4 Nf6 2. c4 e6 3. Nf3 b6 4. e3 Bb7 5. Nc3 d5 6. cxd5 exd5 7. Bb5+ c6 8. Bd3
Nbd7 9. O-O Bd6 10. e4 dxe4 11. Nxe4 Nxe4 12. Bxe4 O-O 13. Bc2 Qc7 14. Qd3 g6
15. Bb3 a5 16. Bh6 Ba6 17. Qc2 Bxf1 18. Bxf8 Rxf8 19. Rxf1 c5 20. Re1 b5 21.
dxc5 Qxc5 22. Qd2 a4 23. Rc1 Qb4 24. Qxb4 Bxb4 25. Bd5 Nf6 26. Bc6 Rc8 27. a3
Bf8 28. Nd4 b4 29. axb4 Bxb4 30. Nb5 Bf8 31. h3 Nd7 32. Na7 Rc7 33. Nb5 1/2-1/2

[Event "BL 1516 SV Griesheim - Werder Bremen"]
[Site "?"]
[Date "2016.02.07"]
[Round "6.2"]
[White "Grabarczyk, Miroslaw"]
[Black "Areshchenko, Alexander"]
[Result "1/2-1/2"]
[WhiteElo "2432"]
[BlackElo "2675"]
[PlyCount "44"]
[EventDate "2016.??.??"]

1. d4 Nf6 2. c4 g6 3. Nf3 Bg7 4. g3 c6 5. Nc3 d5 6. cxd5 cxd5 7. Bg2 Ne4 8.
Nxe4 dxe4 9. Ne5 Nd7 10. Nxd7 Qxd7 11. Bxe4 Qxd4 12. Qxd4 Bxd4 13. O-O O-O 14.
Rd1 Bg7 15. Be3 Be6 16. Bd4 Rfd8 17. Bxg7 Kxg7 18. Bxb7 Rxd1+ 19. Rxd1 Rb8 20.
Bd5 Bxd5 21. Rxd5 Rxb2 22. Ra5 Rxe2 1/2-1/2

[Event "BL 1516 SV Griesheim - Werder Bremen"]
[Site "?"]
[Date "2016.02.07"]
[Round "6.3"]
[White "McShane, Luke J"]
[Black "Farago, Ivan"]
[Result "1-0"]
[WhiteElo "2671"]
[BlackElo "2393"]
[PlyCount "69"]
[EventDate "2016.??.??"]

1. e4 e6 2. d4 d5 3. Nd2 Nf6 4. e5 Nfd7 5. f4 c5 6. c3 Nc6 7. Ndf3 cxd4 8. cxd4
f5 9. Bd3 Be7 10. Ne2 Nb6 11. Rg1 O-O 12. g4 Bd7 13. a3 a5 14. b3 a4 15. b4 Na7
16. Kf2 Bb5 17. Bb1 Rc8 18. gxf5 exf5 19. Ng3 Bd7 20. Qf1 Be6 21. Kg2 Qd7 22.
Bd3 Nc4 23. Kh1 Nb5 24. Qe1 Kh8 25. Ra2 Rg8 26. Ne2 Bd8 27. Qg3 g6 28. Qe1 Bb6
29. Rg3 Rg7 30. Qd1 Qc6 31. Bc2 Ncxa3 32. Bxa3 Nxa3 33. Bxa4 Nb5 34. Qd3 Bd7
35. Rc2 1-0

[Event "BL 1516 SV Griesheim - Werder Bremen"]
[Site "?"]
[Date "2016.02.07"]
[Round "6.4"]
[White "Jarmula, Lukasz Andrzej"]
[Black "Bluebaum, Matthias"]
[Result "0-1"]
[WhiteElo "2374"]
[BlackElo "2599"]
[PlyCount "138"]
[EventDate "2016.??.??"]

1. e4 e6 2. d4 d5 3. Nc3 Nf6 4. Bg5 dxe4 5. Nxe4 Be7 6. Bxf6 Bxf6 7. Nf3 Nd7 8.
Qd2 Be7 9. O-O-O O-O 10. Bd3 c5 11. Nxc5 Nxc5 12. dxc5 Qc7 13. Kb1 Rd8 14. Qe2
Bd7 15. Ne5 Be8 16. Qe4 g6 17. h4 Qxc5 18. h5 Qd4 19. hxg6 hxg6 20. c3 Qxe4 21.
Bxe4 Rab8 22. Rxd8 Bxd8 23. Rd1 Be7 24. Kc2 Kg7 25. Nc4 f5 26. Bf3 Kf6 27. Nd6
Bxd6 28. Rxd6 Ke7 29. Rd1 e5 30. Bd5 g5 31. c4 b6 32. Kc3 Rd8 33. Re1 Kf6 34.
a4 Rc8 35. Rh1 Bg6 36. Ra1 a5 37. b4 axb4+ 38. Kxb4 Rc5 39. Rb1 f4 40. Rb3 Bf7
41. Bxf7 Kxf7 42. Rh3 e4 43. Rh7+ Kg6 44. Re7 Kf5 45. Rf7+ Kg6 46. Re7 Kf5 47.
Rf7+ Ke6 48. Rb7 Rc6 49. Kc3 Rd6 50. Rb8 Kf7 51. Rb7+ Kf6 52. Rb8 Re6 53. Kd2
Kf5 54. Rh8 Rd6+ 55. Ke2 Rc6 56. f3 Rxc4 57. Rf8+ Kg6 58. Rg8+ Kh6 59. Rh8+ Kg7
60. Rb8 Rc2+ 61. Kf1 exf3 62. gxf3 Kg6 63. Rxb6+ Kh5 64. Rb5 Kh4 65. Kg1 g4 66.
fxg4 Kg3 67. Rb1 f3 68. g5 Rg2+ 69. Kf1 Rh2 0-1

[Event "BL 1516 SV Griesheim - Werder Bremen"]
[Site "?"]
[Date "2016.02.07"]
[Round "6.5"]
[White "Edouard, Romain"]
[Black "Walter, Stefan"]
[Result "1-0"]
[WhiteElo "2611"]
[BlackElo "2410"]
[PlyCount "73"]
[EventDate "2016.??.??"]

1. d4 d5 2. c4 e6 3. Nf3 Nf6 4. Nc3 Be7 5. Bf4 O-O 6. e3 Nbd7 7. Qc2 c5 8. Rd1
a6 9. dxc5 Nxc5 10. Be2 Qa5 11. O-O h6 12. a3 Nce4 13. Nxe4 dxe4 14. Ne5 Rd8
15. Rxd8+ Qxd8 16. b4 a5 17. c5 axb4 18. axb4 Nd5 19. Qxe4 Ra4 20. Bh5 f5 21.
Qc2 Rxb4 22. Rd1 Qa5 23. c6 Qb6 24. Bf7+ Kh7 25. Bg6+ Kg8 26. g3 Rb2 27. Qa4
Rb1 28. Kg2 Rxd1 29. Qxd1 Nf6 30. Bf7+ Kh7 31. g4 Nxg4 32. Nxg4 Qxc6+ 33. Kg1
fxg4 34. Qb1+ Kh8 35. Be5 Bg5 36. Qg6 Qc1+ 37. Kg2 1-0

[Event "BL 1516 SV Griesheim - Werder Bremen"]
[Site "?"]
[Date "2016.02.07"]
[Round "6.6"]
[White "Schnitzspan, Lothar"]
[Black "Werle, Jan"]
[Result "0-1"]
[WhiteElo "2317"]
[BlackElo "2545"]
[PlyCount "122"]
[EventDate "2016.??.??"]

1. Nf3 Nf6 2. c4 e6 3. b3 d5 4. Bb2 Be7 5. e3 O-O 6. Be2 c5 7. O-O Nc6 8. d4
cxd4 9. Nxd4 Bd7 10. Nc3 dxc4 11. Bxc4 Ne5 12. Be2 a6 13. Nf3 Ng6 14. Rc1 Rc8
15. Qd3 Qa5 16. a4 Rfd8 17. Qb1 Qb6 18. Bc4 Bc6 19. Nd4 Nh4 20. f3 Bc5 21. Kh1
Bxd4 22. exd4 Rxd4 23. Ne4 Nxe4 24. Bxd4 Qxd4 25. fxe4 Nxg2 26. Qd3 Qxe4 27.
Qxe4 Bxe4 28. Bd5 Ne1+ 29. Bxe4 Rxc1 30. a5 Rc5 31. Rxe1 Rxa5 32. Bxb7 Rb5 33.
Bxa6 Rxb3 34. Kg2 g6 35. Re2 Kg7 36. Bc4 Rb6 37. Ba2 h6 38. Kg3 Ra6 39. Kg2 Kf6
40. Kg3 Ke7 41. Kg2 f5 42. Bc4 Rc6 43. Bd5 Rd6 44. Bf3 Kf6 45. Rc2 Ke5 46. Ra2
Kf4 47. Ra4+ Kg5 48. Rc4 e5 49. h4+ Kf6 50. Rc6 Rxc6 51. Bxc6 e4 52. Be8 g5 53.
hxg5+ hxg5 54. Kg3 Ke5 55. Bd7 Kf6 56. Bc8 Ke5 57. Bd7 f4+ 58. Kg4 Kd4 59. Kxg5
e3 60. Bg4 Ke4 61. Bf5+ Kf3 0-1

[Event "BL 1516 SV Griesheim - Werder Bremen"]
[Site "?"]
[Date "2016.02.07"]
[Round "6.7"]
[White "Markgraf, Alexander"]
[Black "Koehler, Ronald"]
[Result "1-0"]
[WhiteElo "2495"]
[BlackElo "2267"]
[PlyCount "151"]
[EventDate "2016.??.??"]

1. e4 c5 2. Nf3 Nc6 3. d4 cxd4 4. Nxd4 Nf6 5. Nc3 e5 6. Ndb5 d6 7. Bg5 a6 8.
Na3 b5 9. Bxf6 gxf6 10. Nd5 Bg7 11. Bd3 Ne7 12. Nxe7 Qxe7 13. O-O O-O 14. c4 f5
15. Qh5 Rb8 16. exf5 e4 17. Rae1 Bb7 18. Qg4 Rfe8 19. cxb5 d5 20. bxa6 Bc6 21.
Be2 Kh8 22. Rc1 Bd7 23. Rc7 Be5 24. Ra7 Qd6 25. Qh5 Rg8 26. Rd1 Be8 27. Rb7
Rxb7 28. axb7 f6 29. Qh3 Qc6 30. Qb3 Bb8 31. Qxd5 Qc7 32. g3 e3 33. Qd4 exf2+
34. Kxf2 Qe7 35. Bf3 Be5 36. Qa7 Qc7 37. b8=Q Qxb8 38. Qxb8 Bxb8 39. Rd8 Ba7+
40. Kg2 Bb6 41. Rb8 Bd4 42. Nc4 Bf7 43. Rxg8+ Kxg8 44. b3 Bxc4 45. bxc4 Kf7 46.
Bd5+ Ke7 47. Kf3 Bb6 48. Kg4 Kf8 49. a4 h6 50. Be6 Bg1 51. h3 Bb6 52. Bc8 Kf7
53. Bb7 Kf8 54. Ba8 Kf7 55. Bd5+ Kf8 56. Be6 Ba5 57. c5 Bb4 58. c6 Ba5 59. Bd7
Bb6 60. Kh5 Kg7 61. h4 Bc7 62. g4 Bd8 63. Be6 Bc7 64. g5 hxg5 65. hxg5 fxg5 66.
Kxg5 Bd8+ 67. Kf4 Kf6 68. Ke4 Ke7 69. Kd5 Bb6 70. Bd7 Bc7 71. Kc5 Bd8 72. Kb5
Kd6 73. a5 Kc7 74. a6 Kb8 75. f6 Bxf6 76. a7+ 1-0

[Event "BL 1516 SV Griesheim - Werder Bremen"]
[Site "?"]
[Date "2016.02.07"]
[Round "6.8"]
[White "Spitzl, Vinzent"]
[Black "Meins, Gerlef"]
[Result "0-1"]
[WhiteElo "2263"]
[BlackElo "2417"]
[PlyCount "94"]
[EventDate "2016.??.??"]

1. e4 c5 2. Nf3 Nc6 3. d4 cxd4 4. Nxd4 Nf6 5. Nc3 d6 6. Bg5 a6 7. Qd2 e6 8.
O-O-O Bd7 9. f3 b5 10. Nxc6 Bxc6 11. Ne2 h6 12. Be3 Qc7 13. Nd4 Bb7 14. g4 e5
15. Nf5 d5 16. exd5 Nxd5 17. Bd3 g6 18. Be4 O-O-O 19. Ng3 Bc5 20. Bxd5 Rxd5 21.
Qf2 Rhd8 22. Ne4 Rxd1+ 23. Rxd1 Rxd1+ 24. Kxd1 Bxe4 25. fxe4 Qd7+ 26. Ke1 Bxe3
27. Qxe3 Qxg4 28. Qc5+ Kd7 29. Qd5+ Ke7 30. Qxe5+ Qe6 31. Qc7+ Kf6 32. Qf4+ Kg7
33. a3 g5 34. Qe3 Qe5 35. b3 Qxh2 36. c4 bxc4 37. bxc4 g4 38. Qd4+ Kg6 39. c5
Qg3+ 40. Kf1 Qf4+ 41. Kg2 h5 42. c6 h4 43. Qb6 h3+ 44. Kg1 Qg3+ 45. Kf1 Qg2+
46. Ke1 h2 47. c7+ f6 0-1

[Event "BL 1516 OSG Baden Baden - Bayern Münch"]
[Site "?"]
[Date "2015.09.19"]
[Round "7.1"]
[White "Bischoff, Klaus"]
[Black "Shirov, Alexei"]
[Result "1/2-1/2"]
[WhiteElo "2488"]
[BlackElo "2712"]
[PlyCount "43"]
[EventDate "2015.??.??"]

1. c4 e5 2. Nc3 Nf6 3. Nf3 Nc6 4. d3 g6 5. e3 Bg7 6. a3 O-O 7. Be2 d5 8. cxd5
Nxd5 9. Qc2 a5 10. O-O Nb6 11. Rd1 a4 12. Ne4 Qe7 13. Bd2 f5 14. Nc5 g5 15. d4
exd4 16. Re1 Qf6 17. Bb5 g4 18. Bxc6 Qxc6 19. Nxd4 Qd5 20. Nd3 Qc4 21. Qxc4+
Nxc4 22. Bb4 1/2-1/2

[Event "BL 1516 OSG Baden Baden - Bayern Münch"]
[Site "?"]
[Date "2015.09.19"]
[Round "7.2"]
[White "Bacrot, Etienne"]
[Black "Schenk, Andreas"]
[Result "1-0"]
[WhiteElo "2692"]
[BlackElo "2483"]
[PlyCount "79"]
[EventDate "2015.??.??"]

1. Nf3 Nf6 2. c4 e6 3. g3 d5 4. Bg2 dxc4 5. O-O Nbd7 6. Na3 c6 7. Nxc4 b5 8.
Nce5 Bb7 9. a4 Bd6 10. axb5 Bxe5 11. Nxe5 Nxe5 12. d4 Nd5 13. dxe5 cxb5 14. Qd4
O-O 15. Rxa7 Nf4 16. Qxd8 Nxe2+ 17. Kh1 Bxg2+ 18. Kxg2 Raxd8 19. Be3 Nd4 20.
Rc1 Nf5 21. Bc5 Rfe8 22. g4 Nh4+ 23. Kg3 g5 24. Bd6 Ra8 25. Rxa8 Rxa8 26. f4 h6
27. fxg5 hxg5 28. Be7 Ng6 29. Bxg5 Nxe5 30. Rc5 Nd3 31. Rxb5 Kg7 32. Bd2 Rd8
33. Bc3+ f6 34. Rb7+ Kg6 35. h4 Nc5 36. h5+ Kh6 37. Rf7 Ne4+ 38. Kf4 Nxc3 39.
bxc3 f5 40. g5+ 1-0

[Event "BL 1516 OSG Baden Baden - Bayern Münch"]
[Site "?"]
[Date "2015.09.19"]
[Round "7.3"]
[White "Fedorovsky, Michael"]
[Black "Vallejo Pons, Francisco"]
[Result "1/2-1/2"]
[WhiteElo "2451"]
[BlackElo "2689"]
[PlyCount "83"]
[EventDate "2015.??.??"]

1. d4 d6 2. e4 Nf6 3. Nc3 g6 4. f4 Bg7 5. Nf3 O-O 6. e5 dxe5 7. dxe5 Qxd1+ 8.
Nxd1 Nd5 9. g3 Nc6 10. c3 Be6 11. Ng5 Bg4 12. Bg2 Nb6 13. Ne3 Bd7 14. Ne4 f6
15. exf6 exf6 16. Nc5 Bc8 17. O-O Rf7 18. f5 Rb8 19. Bd2 Ne5 20. Rad1 Bf8 21.
Ne4 g5 22. b3 Bd7 23. c4 Bc6 24. Nc3 Re8 25. Bxc6 bxc6 26. Kg2 h5 27. h3 Nd3
28. Nc2 Rd7 29. Be3 Nb4 30. Bxb6 Rxd1 31. Rxd1 axb6 32. Re1 Rd8 33. Re2 Kf7 34.
Nxb4 Bxb4 35. Ne4 Rd4 36. g4 h4 37. Nf2 Bd6 38. Kf3 Bg3 39. Ne4 Bf4 40. Nf2 Rd6
41. Re1 Rd2 42. Re2 1/2-1/2

[Event "BL 1516 OSG Baden Baden - Bayern Münch"]
[Site "?"]
[Date "2015.09.19"]
[Round "7.4"]
[White "Naiditsch, Arkadij"]
[Black "Dragnev, Valentin"]
[Result "1-0"]
[WhiteElo "2684"]
[BlackElo "2385"]
[PlyCount "85"]
[EventDate "2015.??.??"]

1. e4 c6 2. d4 d5 3. e5 c5 4. Nf3 Nc6 5. dxc5 e6 6. Be3 Nh6 7. c3 Nf5 8. Bd4
Bd7 9. a3 a5 10. Be2 Be7 11. O-O g5 12. g4 Nfxd4 13. cxd4 h5 14. h3 hxg4 15.
hxg4 f6 16. Qc2 Kf7 17. Nbd2 f5 18. Kg2 fxg4 19. Rh1 gxf3+ 20. Nxf3 Qg8 21.
Rxh8 Qxh8 22. Rh1 Qg8 23. Rh7+ Ke8 24. Qd3 Kd8 25. Nh2 Kc7 26. Ng4 Rb8 27. b4
axb4 28. axb4 Nxb4 29. Qb1 Nc6 30. Nh6 Qf8 31. Qb6+ Kc8 32. Nf7 Bd8 33. Qb1 b6
34. Qg6 bxc5 35. Bg4 Nxd4 36. Nd6+ Kc7 37. Rf7 Qh8 38. Bxe6 Ne2 39. Rxd7+ Kb6
40. Qb1+ Kc6 41. Qxb8 Nf4+ 42. Kg1 Qxe5 43. Qb7# 1-0

[Event "BL 1516 OSG Baden Baden - Bayern Münch"]
[Site "?"]
[Date "2015.09.19"]
[Round "7.5"]
[White "Belezky, Alexander"]
[Black "Nielsen, Peter Heine"]
[Result "1/2-1/2"]
[WhiteElo "2455"]
[BlackElo "2655"]
[PlyCount "85"]
[EventDate "2015.??.??"]

1. Nf3 c5 2. g3 Nc6 3. Bg2 g6 4. d3 Bg7 5. O-O Nf6 6. e4 O-O 7. a4 d5 8. Nbd2
Qc7 9. exd5 Nxd5 10. Nc4 Rd8 11. c3 Bf5 12. Ne1 e5 13. Bxd5 Rxd5 14. Ne3 Qd7
15. Qf3 Rxd3 16. Nxd3 Bxd3 17. Rd1 e4 18. Qxe4 Bxe4 19. Rxd7 Ne5 20. Rd1 Nf3+
21. Kf1 Nxh2+ 22. Kg1 Nf3+ 23. Kf1 Nh2+ 24. Kg1 Nf3+ 25. Kf1 Re8 26. a5 Bc6 27.
a6 bxa6 28. Rd6 Ne5 29. Nd5 Bb5+ 30. Kg2 Nc4 31. Rdxa6 Bxa6 32. Rxa6 Re1 33.
Bf4 Nxb2 34. Rxa7 Re8 35. Rc7 Nd3 36. Bd6 Be5 37. Rc6 c4 38. Rxc4 Rd8 39. Bxe5
Nxe5 40. Rc8 Rxc8 41. Ne7+ Kf8 42. Nxc8 Ke8 43. Nb6 1/2-1/2

[Event "BL 1516 OSG Baden Baden - Bayern Münch"]
[Site "?"]
[Date "2015.09.19"]
[Round "7.6"]
[White "Meier, Georg"]
[Black "Reich, Thomas"]
[Result "1-0"]
[WhiteElo "2656"]
[BlackElo "2406"]
[PlyCount "41"]
[EventDate "2015.??.??"]

1. Nf3 Nf6 2. g3 c5 3. c4 g6 4. b3 Bg7 5. Bb2 O-O 6. Bg2 Nc6 7. O-O d5 8. cxd5
Nxd5 9. Bxg7 Kxg7 10. d4 cxd4 11. Nxd4 Nxd4 12. Qxd4+ Nf6 13. Qe5 Qb6 14. Nc3
Be6 15. Na4 Qb4 16. Nc5 Bd5 17. Qxe7 Kg8 18. Qxf6 Bxg2 19. Ne6 fxe6 20. Qxe6+
Kg7 21. Qe5+ 1-0